LEADER 01439nam a2200277 u 4500 001 000000021867 003 CaOOAMICUS 005 20070226111048.0 008 950417s1966 gw u000 u ger u 035 $a10543935 040 $aPUL$bita 100 1 $aPaschke, Franz.$0(OLS)http://pul/name/822 245 14$aDie beiden griechischen Klementinen-Epitomen und ihre Anhänge :$büberlieferungsgeschichtliche Vorarbeiten zu einer Neuausgabe der Texte /$cvon Franz Paschke. 260 $aBerlin :$bAkademie-Verlag,$c1966. 300 $axxix, 321 p. ;$c25 cm 490 1 $aTexte und Untersuchungen zur Geschichte der altchristlichen Literatur ;$vBd. 90 500 $aContiene indici. 504 $aBibliografia in nota. 630 04$aEpitome de gestis s. Petri$9(Clemens PP. I, Romanus, s., m. c. 99. Opere spurie e dubbie).$0(OLS)http://pul/subject/13906 830 0$aTexte und Untersuchungen zur Geschichte der altchristlichen Literatur ;$vBd. 90.$0(OLS)http://pul/title/1074 850 $aPUL 852 $aPUL$W1$xSL Religione 1$y3$m24 I 90$j30718$nBK-PRI$b $qStampati$B30718$CPULBib$Z2$F30718 $H $81 941 1 $a8 961 $aINV: 26175 996 $6245$aDie beiden griechischen Klementinen-Epitomen und ihre Anhänge :$büberlieferungsgeschichtliche Vorarbeiten zu einer Neuausgabe der Texte$9(OLS)http://pul/title/30553 996 $6260$aBerlin :$bAkademie-Verlag$9(OLS)http://pul/publisher/47843 LEADER 01134nam a2200289 u 4500 001 000000032993 003 CaOOAMICUS 005 20070226112319.0 008 971027s1969 fr u000 u fre u 035 $a10774375 040 $aPUL$bita 041 1 $afre$heng 100 1 $aTaylor, Vincent.$0(OLS)http://pul/name/25618 240 10$aPerson of Christ.$lFrancese.$0(OLS)http://pul/title/45447 245 13$aLa personne du Christ dans le Nouveau Testament /$cVincent Taylor ; traduit de l'anglais par J. Winandy. 260 $aParis :$bCerf,$c1969. 300 $a306 p. ;$c22 cm 490 1 $aLectio divina ;$v57 504 $aBibliografia: p. 303-304. 700 1 $aWinandy, J.$0(OLS)http://pul/name/25853 830 0$aLectio divina ;$v57.$0(OLS)http://pul/title/3461 850 $aPUL 852 $aPUL$W1$xSL Religione 1$y3$m9 I 57$j45357$nBK-PRI$b $qStampati$B45357$CPULBib$Z2$F45357 $H $81 941 1 $a8 961 $aINV: 31897 996 $6245$aLa personne du Christ dans le Nouveau Testament$9(OLS)http://pul/title/45448 996 $6260$aParis :$bCerf$9(OLS)http://pul/publisher/48238